| 000 | 01477cam a2200373Ia 4500 | ||
|---|---|---|---|
| 001 | ocn608267621 | ||
| 005 | 20180312112704.0 | ||
| 008 | 160905s2010 at ad frb 001 0 spa d | ||
| 020 | _a9786074812268 (6a.Ed.) | ||
| 020 | _z6074812268 | ||
| 020 | _a9780495601067 | ||
| 020 | _z0495601063 | ||
| 035 | _a(OCoLC)608267621 | ||
| 040 |
_aCo-BoUCM _bspa _cSaul Niño _dSaul Niño |
||
| 041 | 1 |
_aspa _heng |
|
| 100 | 1 |
_aAamodt, Michael G. _979622 |
|
| 245 | 1 | 0 |
_aPsicología industrial/organizacional _bun enfoque aplicado _cMichael G. Aamodt ; traducción, Paola Martínez Sosa, Antonio Nuñez Ramos ; revisión técnica, Lourdes Reyes Ponce, Rita Catillo Contreras |
| 246 | _aPsicología industrial organizacional | ||
| 250 | _aSexta edición | ||
| 260 |
_aSídney (Australia) _aCiudad de México (México) _bCengage Learning _c2010 |
||
| 300 |
_axix, 684 páginas _bilustraciones, gráficas |
||
| 650 | 7 |
_aPsicología industrial _922845 |
|
| 650 | 7 |
_aPsicología organizacional _922850 |
|
| 650 | 7 |
_aComportamiento organizacional _911292 |
|
| 650 | 7 |
_aLiderazgo _918533 |
|
| 690 | 0 |
_aPsicología _98001 |
|
| 700 | 1 |
_aMartínez Sosa, Paola _etraductor _979623 |
|
| 700 | 1 |
_aNúñez Ramos, Antonio _etraductor _979624 |
|
| 700 | 1 |
_aReyes Ponce, Lourdes _979625 |
|
| 700 | 1 |
_aCatillo Contreras, Rita _979626 |
|
| 765 | _aIndustrial / organizational psychology | ||
| 942 |
_2DEWEY _a9 _cLIBRORESER _e6 _h158.7 _mA112ps _n0 |
||
| 999 |
_c303922 _d303922 |
||